[Event "TN Honra 2025-26"]
[Site "Pombal POR"]
[Date "2025.12.23"]
[Round "9.2"]
[White "Ribeiro, Gustavo"]
[Black "Fidalgo, Andre Neves"]
[Result "1-0"]
[WhiteElo "2265"]
[WhiteTitle "FM"]
[WhiteFideId "1941852"]
[BlackElo "2228"]
[BlackTitle "NM"]
[BlackFideId "1933620"]
[TimeControl "90+30"]

1. Nf3 Nf6 2. g3 g6 3. Bg2 Bg7 4. O-O O-O 5. c4 d5 6. cxd5 Nxd5 7. d4 Nb6 8. Nc3 Nc6 9. d5 Bxc3 10. dxc6 Bg7 11. cxb7 Bxb7 12. Qc2 Bd5 13. e4 Bb7 14. Be3 Qd7 15. Rfd1?! Qa4 16. Qxa4 Nxa4 17. Bd4 Rfd8 18. Bxg7 Kxg7 19. Rdc1 Rac8 20. Ne5 c5 21. Rc2 Rd4 22. f3 f6 23. Nc4 Ba6 24. Ne3 Bd3 25. Rf2 c4 26. Nd5 e5 27. Rc1 Nb6 28. Nc3 a5 29. Rd2 a4 30. Nb5 Rdd8 31. Na3 Rd4 32. h4 f5 33. Kf2 fxe4 34. fxe4 Rf8+ 35. Ke3?? Nd7 36. Nb5?! Nf6 37. Bf3?? Ng4+ 1-0

[Event "TN Honra 2025-26"]
[Site "Pombal POR"]
[Date "2025.12.23"]
[Round "9.3"]
[White "Ferreira, Luis Pedro"]
[Black "Farias, David Nuno M E"]
[Result "1-0"]
[WhiteElo "2225"]
[WhiteTitle "NM"]
[WhiteFideId "1925393"]
[BlackElo "2252"]
[BlackTitle "NM"]
[BlackFideId "1955004"]
[TimeControl "90+30"]

1. Nf3 Nf6 2. c4 c5 3. Nc3 d5 4. d4?! cxd4 5. Nxd5 Nxd5 6. cxd5 Qxd5 7. Qxd4 Qxd4 8. Nxd4 a6 9. g3 e5 10. Nb3 a5 11. Be3 Nd7?! 12. Bg2 Bb4+ 13. Nd2 Rb8 14. O-O b6 15. Rac1 Ba6 16. Nc4 Ke7 17. a3 Bxc4 18. Rxc4 Bc5 19. Bxc5+?! Nxc5 20. b4 axb4 21. axb4 Ne6 22. Ra1 Rhd8 23. e3 Rd6 24. Rc6 Rxc6 25. Bxc6 Kd6 26. b5 Nc7 27. Ra7 f5 28. h4 g6 29. Kg2 h6 30. e4 fxe4 31. Bxe4 Nxb5 32. Rh7 Nc3 33. Bxg6 b5 34. Rxh6 b4 35. Bf7+ Kc5 36. Re6 Kd4?? 37. Rd6+ Kc5 38. Rd3?? e4 39. Rd2 b3 40. Rb2 Nd1?? 41. Rxb3 Rf8 42. Rb7 Kd6 43. g4 Ke5 44. Kg3 Nc3 45. g5 Kf5 46. Bh5 Ke5 47. Re7+ Kd6 48. Rf7 Rh8 49. Bg6 Ke6 50. Rf6+ Ke5 51. h5 Ne2+ 52. Kg4 Rd8 53. Rf5+ Ke6 54. Bf7+ Ke7 55. Bc4 1-0

[Event "TN Honra 2025-26"]
[Site "Pombal POR"]
[Date "2025.12.23"]
[Round "9.4"]
[White "Ribeiro, Rodrigo"]
[Black "Santos, Antonio P"]
[Result "1-0"]
[WhiteElo "2144"]
[WhiteTitle "FM"]
[WhiteFideId "1938398"]
[BlackElo "2147"]
[BlackTitle "FM"]
[BlackFideId "1900161"]
[TimeControl "90+30"]

1. d4 Nf6 2. c4 g6 3. Nc3 d5 4. cxd5 Nxd5 5. e4 Nxc3 6. bxc3 Bg7 7. Bc4 c5 8. Ne2 Nc6 9. Be3 O-O 10. O-O b6 11. Qd2 Bb7 12. Rab1 Rc8 13. Rfc1 e6 14. f3 Rc7 15. Bg5 Qc8 16. d5?! Na5?! 17. Bb5 exd5 18. exd5 f6 19. Bf4 Rcf7 20. c4 g5 21. Be3 h6 22. Qd3 f5 23. Bd2 Ba6? 24. Bxa5 bxa5 25. Bxa6 Qxa6 26. Re1 Rb7 27. Rxb7 Qxb7 28. Ng3 Bd4+ 29. Kh1 Qb4 30. Qe2 Qb6 31. Qe7 Bc3?! 32. Rd1 Rf7?! 33. Qe8+?! Rf8 34. Qe7 Rf7?! 35. Qe6 Bd4?! 36. d6 1-0

[Event "TMH"]
[Site "?"]
[Date "2021.12.18"]
[Round "1.6"]
[White "Farias, David"]
[Black "Sousa, Nuno"]
[Result "1/2-1/2"]
[BlackElo "1747"]
[WhiteElo "1827"]
[LiveChessVersion "1.4.8"]

1. e4 {[%clk 1:30:59]} c5 {[%clk 1:30:54]} 2. Nf3 {[%clk 1:31:26]} e6
{[%clk 1:31:16]} 3. d4 {[%clk 1:31:52]} cxd4 {[%clk 1:31:42]} 4. Nxd4
{[%clk 1:32:21]} a6 {[%clk 1:31:59]} 5. Nc3 {[%clk 1:32:11]} Qc7 {[%clk 1:32:16]}
6. g3 {[%clk 1:31:30]} b5 {[%clk 1:30:02]} 7. Bg2 {[%clk 1:30:53]} Bb7
{[%clk 1:30:08]} 8. O-O {[%clk 1:31:06]} Nf6 {[%clk 1:29:51]} 9. Re1
{[%clk 1:30:16]} d6 {[%clk 1:25:58]} 10. a4 {[%clk 1:22:46]} bxa4
{[%clk 1:23:31]} 11. Rxa4 {[%clk 1:19:07]} Be7 {[%clk 1:23:28]} 12. Rb4
{[%clk 1:17:00]} O-O {[%clk 1:15:51]} 13. e5 {[%clk 1:11:47]} d5 {[%clk 1:15:58]}
14. Rxb7 {[%clk 0:46:47]} Qxb7 {[%clk 1:16:12]} 15. exf6 {[%clk 0:47:16]} Bxf6
{[%clk 1:16:26]} 16. Be3 {[%clk 0:36:51]} Qxb2 {[%clk 0:59:08]} 17. Na4
{[%clk 0:34:30]} Qa2 {[%clk 0:51:03]} 18. c4 {[%clk 0:31:31]} Bxd4
{[%clk 0:41:00]} 19. Bxd4 {[%clk 0:29:05]} Nc6 {[%clk 0:41:08]} 20. cxd5
{[%clk 0:26:39]} Nxd4 {[%clk 0:41:26]} 21. Qxd4 {[%clk 0:27:07]} exd5
{[%clk 0:39:10]} 22. Nc3 {[%clk 0:23:43]} Qb2 {[%clk 0:37:49]} 23. Rb1
{[%clk 0:22:47]} Qc2 {[%clk 0:37:44]} 24. Rb7 {[%clk 0:16:49]} Qc1+
{[%clk 0:36:41]} 25. Bf1 {[%clk 0:16:09]} Kh8 {[%clk 0:22:26]} 26. Rb1
{[%clk 0:13:59]} Qc2 {[%clk 0:19:19]} 27. Bd3 {[%clk 0:13:43]} Qd2
{[%clk 0:19:38]} 28. Rd1 {[%clk 0:13:46]} Qb2 {[%clk 0:19:13]} 29. Qh4
{[%clk 0:12:09]} f5 {[%clk 0:15:29]} 30. Ne2 {[%clk 0:08:29]} Qb3
{[%clk 0:12:02]} 31. Rd2 {[%clk 0:07:44]} Rae8 {[%clk 0:10:49]} 32. Nf4
{[%clk 0:06:26]} Rf6 {[%clk 0:08:23]} 33. Qh5 {[%clk 0:04:46]} g6
{[%clk 0:07:07]} 34. Qg5 {[%clk 0:04:29]} Rf7 {[%clk 0:05:42]} 35. Bxa6
{[%clk 0:02:24]} Qf3 {[%clk 0:03:15]} 36. Bf1 {[%clk 0:01:45]} Re1
{[%clk 0:00:58]} 37. Rxd5 {[%clk 0:00:36]} Kg7 {[%clk 0:00:47]} 38. Rd3
{[%clk 0:00:36]} Qc6 {[%clk 0:00:33]} 39. Nh5+ {[%clk 0:00:41]} Kh8
{[%clk 0:00:39]} 40. Rd8+ {[%clk 0:00:44]} Re8 {[%clk 0:01:04]} 41. Rxe8+
{[%clk 0:01:12]} Qxe8 {[%clk 0:01:25]} 42. Nf4 {[%clk 0:01:11]} Kg7
{[%clk 0:01:15]} 43. h4 {[%clk 0:00:42]} Qe7 {[%clk 0:01:06]} 44. Qxe7
{[%clk 0:00:39]} Rxe7 {[%clk 0:01:30]} 45. Bd3 {[%clk 0:00:37]} Re5
{[%clk 0:01:03]} 46. Kg2 {[%clk 0:00:41]} Kf6 {[%clk 0:01:21]} 47. Bc4
{[%clk 0:00:36]} Rc5 {[%clk 0:01:00]} 48. Bf1 {[%clk 0:00:40]} Ra5
{[%clk 0:00:45]} 49. Be2 {[%clk 0:00:35]} h6 {[%clk 0:00:45]} 50. Nd3
{[%clk 0:00:43]} Ke5 1/2-1/2

[Event "TMH"]
[Site "?"]
[Date "2021.12.18"]
[Round "1.7"]
[White "Sarabando, Rodrigo"]
[Black "Andrade, Ricardo"]
[Result "1-0"]
[BlackElo "1816"]
[WhiteElo "1871"]
[LiveChessVersion "1.4.8"]

1. d4 Nf6 2. c4 e6 3. g3 d5 4. Nf3 Bb4+ 5. Bd2 Bd6 6. Bg2 Ne4 7. Be3 O-O 8. O-O
c6 9. Qc2 Nd7 10. Rd1 f5 11. Nfd2 Nxd2 12. Qxd2 f4 13. Bxf4 Bxf4 14. gxf4 Qh4 15.
e3 Nf6 16. f3 dxc4 17. Qf2 Qh6 18. Rc1 b5 19. b3 cxb3 20. axb3 Bd7 21. Nd2 Nd5
22. Ne4 Nb4 23. Qd2 a5 24. Nc5 Bc8 25. Ra3 Qg6 26. Ne4 e5 27. dxe5 Bh3 28. Kh1
Rfd8 29. Nd6 Be6 30. e4 Qh6 31. Rd1 g6 32. f5 Qxd2 33. Rxd2 gxf5 34. Bh3 a4 35.
bxa4 Rxa4 36. Rc3 Ra1+ 37. Kg2 Re1 38. Rb2 c5 39. Nb7 Rdd1 40. Nxc5 Rg1+ 41. Kf2
Bc4 42. Rxb4 f4 43. Ne6 Rh1 44. Nxf4 Rxh2+ 45. Bg2 Rh6 46. Ra3 Rc6 47. Ra8+ Kg7
48. Kg3 Rg1 49. Rb2 Kh6 50. Rf8 Kg7 51. Rd8 Bf1 52. Kh2 Bxg2 53. Kxg1 Bxf3 54.
Rd7+ 1-0

[Event "TMH"]
[Site "?"]
[Date "2021.12.18"]
[Round "1.8"]
[White "Valente, Sofia"]
[Black "Machiavelo, Antonio"]
[Result "1-0"]
[BlackElo "1699"]
[WhiteElo "1262"]
[LiveChessVersion "1.4.8"]

1. d4 {[%clk 1:30:43]} Nf6 {[%clk 1:30:42]} 2. c4 {[%clk 1:30:39]} d5
{[%clk 1:30:25]} 3. cxd5 {[%clk 1:30:40]} Nxd5 {[%clk 1:30:32]} 4. e4
{[%clk 1:30:20]} Nf6 {[%clk 1:29:57]} 5. Bd3 {[%clk 1:29:52]} Bg4
{[%clk 1:23:07]} 6. f3 {[%clk 1:25:37]} Bh5 {[%clk 1:21:34]} 7. Ne2
{[%clk 1:22:44]} e6 {[%clk 1:21:03]} 8. Qb3 {[%clk 1:22:13]} Qc8 {[%clk 1:19:27]}
9. Bg5 {[%clk 1:15:54]} Nbd7 {[%clk 1:17:54]} 10. Nbc3 {[%clk 1:11:26]} Be7
{[%clk 1:16:29]} 11. Rc1 {[%clk 1:08:16]} c6 {[%clk 1:07:02]} 12. O-O
{[%clk 1:04:08]} O-O {[%clk 1:02:33]} 13. Nf4 {[%clk 1:01:20]} Bg6
{[%clk 0:57:32]} 14. Nxg6 {[%clk 1:00:38]} hxg6 {[%clk 0:57:32]} 15. f4
{[%clk 0:59:56]} Re8 {[%clk 0:49:21]} 16. e5 {[%clk 0:52:51]} Nd5
{[%clk 0:49:10]} 17. Nxd5 {[%clk 0:52:18]} exd5 {[%clk 0:49:23]} 18. e6
{[%clk 0:50:13]} Nf6 {[%clk 0:46:32]} 19. exf7+ {[%clk 0:49:13]} Kxf7
{[%clk 0:46:48]} 20. f5 {[%clk 0:47:58]} Rh8 {[%clk 0:43:59]} 21. fxg6+
{[%clk 0:47:29]} Kg8 {[%clk 0:43:38]} 22. Bf5 {[%clk 0:41:18]} Qc7
{[%clk 0:43:53]} 23. g3 {[%clk 0:34:01]} Re8 {[%clk 0:31:35]} 24. Qe3
{[%clk 0:33:48]} Qd6 {[%clk 0:31:40]} 25. Bf4 {[%clk 0:33:06]} Bf8
{[%clk 0:30:58]} 26. Qxe8 {[%clk 0:32:29]} Nxe8 {[%clk 0:31:18]} 27. Bxd6
{[%clk 0:32:46]} Nxd6 {[%clk 0:31:26]} 28. Be6+ {[%clk 0:33:08]} 1-0

[Event "TMH"]
[Site "?"]
[Date "2021.12.18"]
[Round "1.9"]
[White "Marinho, Antonio"]
[Black "Fonseca, Pedro"]
[Result "0-1"]
[BlackElo "1760"]
[WhiteElo "1626"]
[LiveChessVersion "1.4.8"]

1. c4 {[%clk 1:30:57]} e5 {[%clk 1:30:12]} 2. d3 {[%clk 1:31:20]} Nf6
{[%clk 1:29:49]} 3. Nf3 {[%clk 1:31:43]} Nc6 {[%clk 1:29:44]} 4. g3
{[%clk 1:31:52]} Bc5 {[%clk 1:27:38]} 5. Nc3 {[%clk 1:32:10]} d6 {[%clk 1:25:13]}
6. Bg2 {[%clk 1:32:29]} h6 {[%clk 1:24:19]} 7. O-O {[%clk 1:32:45]} a6
{[%clk 1:21:09]} 8. a3 {[%clk 1:33:04]} Bg4 {[%clk 1:19:45]} 9. b4
{[%clk 1:33:18]} Ba7 {[%clk 1:18:58]} 10. Bd2 {[%clk 1:33:29]} Qd7
{[%clk 1:17:29]} 11. Re1 {[%clk 1:33:09]} Bh3 {[%clk 1:12:56]} 12. Bh1
{[%clk 1:32:16]} h5 {[%clk 1:09:36]} 13. Rb1 {[%clk 1:12:54]} h4 {[%clk 1:07:27]}
14. a4 {[%clk 1:11:40]} hxg3 {[%clk 1:01:47]} 15. hxg3 {[%clk 1:11:49]} Qg4
{[%clk 0:57:57]} 16. e3 {[%clk 1:11:30]} Nh5 {[%clk 0:55:03]} 17. Nh4
{[%clk 1:07:37]} Qg5 {[%clk 0:47:24]} 18. Qf3 {[%clk 1:07:24]} Nf6
{[%clk 0:44:26]} 19. Ne4 {[%clk 0:51:28]} Nxe4 {[%clk 0:44:30]} 20. Qxe4
{[%clk 0:51:50]} f5 {[%clk 0:43:20]} 21. Nf3 {[%clk 0:51:43]} Qd8
{[%clk 0:41:18]} 22. Qd5 {[%clk 0:51:40]} Ne7 {[%clk 0:39:01]} 23. Qxb7
{[%clk 0:51:15]} Bb6 {[%clk 0:39:10]} 24. Ng5 {[%clk 0:48:21]} Rb8
{[%clk 0:31:13]} 25. Bc6+ {[%clk 0:48:09]} Nxc6 {[%clk 0:31:25]} 26. Qxc6+
{[%clk 0:48:34]} Qd7 {[%clk 0:31:08]} 27. Qxd7+ {[%clk 0:48:56]} Kxd7
{[%clk 0:31:34]} 28. Nxh3 {[%clk 0:49:15]} Rxh3 {[%clk 0:31:57]} 29. Kg2
{[%clk 0:47:23]} Rh6 {[%clk 0:31:07]} 30. Rh1 {[%clk 0:47:42]} Rg6
{[%clk 0:31:09]} 31. Rh5 {[%clk 0:46:49]} Rf8 {[%clk 0:30:42]} 32. Rbh1
{[%clk 0:46:39]} f4 {[%clk 0:30:09]} 33. c5 {[%clk 0:44:40]} fxg3
{[%clk 0:24:17]} 34. fxg3 {[%clk 0:44:51]} Rgf6 {[%clk 0:21:36]} 35. Be1
{[%clk 0:42:04]} dxc5 {[%clk 0:21:15]} 36. bxc5 {[%clk 0:41:43]} Bxc5
{[%clk 0:21:36]} 37. Rxe5 {[%clk 0:41:50]} Bd6 {[%clk 0:19:33]} 38. Rg5
{[%clk 0:41:29]} Rf3 {[%clk 0:19:29]} 39. Rxg7+ {[%clk 0:41:30]} Kc6
{[%clk 0:19:41]} 40. e4 {[%clk 0:36:35]} Re3 {[%clk 0:17:46]} 41. Ba5
{[%clk 0:34:50]} Re2+ {[%clk 0:18:05]} 42. Kg1 {[%clk 0:33:43]} Bc5+
{[%clk 0:18:26]} 0-1

[Event "TMH"]
[Site "?"]
[Date "2021.12.18"]
[Round "1.10"]
[White "Botelho, Adelino"]
[Black "Antao, Jorge"]
[Result "0-1"]
[BlackElo "1828"]
[WhiteElo "1412"]
[LiveChessVersion "1.4.8"]

1. d4 {[%clk 1:30:54]} Nf6 {[%clk 1:30:50]} 2. Nf3 {[%clk 1:31:17]} d5
{[%clk 1:30:55]} 3. Bg5 {[%clk 1:30:19]} Ne4 {[%clk 1:30:55]} 4. Bf4
{[%clk 1:30:25]} c5 {[%clk 1:29:57]} 5. e3 {[%clk 1:29:25]} Qb6 {[%clk 1:29:07]}
6. b3 {[%clk 1:21:33]} e6 {[%clk 1:26:50]} 7. c3 {[%clk 1:19:22]} Nc6
{[%clk 1:22:56]} 8. Nfd2 {[%clk 1:17:52]} Nf6 {[%clk 1:19:18]} 9. Bd3
{[%clk 1:16:45]} Bd7 {[%clk 1:17:59]} 10. Qc2 {[%clk 1:15:47]} Rc8
{[%clk 1:18:01]} 11. Nf3 {[%clk 1:13:58]} cxd4 {[%clk 1:13:17]} 12. Nxd4
{[%clk 1:05:12]} Nb4 {[%clk 1:10:00]} 13. Qe2 {[%clk 1:02:21]} Nxd3+
{[%clk 1:08:45]} 14. Qxd3 {[%clk 1:02:39]} Ne4 {[%clk 1:01:25]} 15. c4
{[%clk 0:55:11]} Bb4+ {[%clk 0:59:20]} 16. Ke2 {[%clk 0:53:08]} Nc5
{[%clk 0:55:57]} 17. Qd1 {[%clk 0:51:22]} dxc4 {[%clk 0:51:32]} 18. a3
{[%clk 0:48:32]} Nxb3 {[%clk 0:49:42]} 19. Nxb3 {[%clk 0:44:48]} cxb3
{[%clk 0:49:14]} 20. axb4 {[%clk 0:44:41]} Rc2+ {[%clk 0:46:10]} 21. Nd2
{[%clk 0:41:00]} O-O {[%clk 0:43:49]} 22. Kf3 {[%clk 0:36:04]} Rd8
{[%clk 0:39:18]} 23. e4 {[%clk 0:31:50]} Bb5 {[%clk 0:32:29]} 24. Be3
{[%clk 0:27:18]} Qc6 {[%clk 0:27:27]} 25. Qe1 {[%clk 0:21:55]} b2
{[%clk 0:25:25]} 26. Rd1 {[%clk 0:20:10]} Qc3 {[%clk 0:20:52]} 27. Nb1
{[%clk 0:18:01]} Qf6+ {[%clk 0:20:23]} 28. Kg3 {[%clk 0:17:20]} Rdc8
{[%clk 0:18:04]} 29. Na3 {[%clk 0:15:36]} Qg6+ {[%clk 0:17:39]} 30. Kf3
{[%clk 0:13:53]} Be2+ {[%clk 0:17:26]} 31. Qxe2 {[%clk 0:10:10]} Qh5+
{[%clk 0:17:30]} 32. g4 {[%clk 0:10:01]} Qh3+ {[%clk 0:17:32]} 0-1

[Event "TMH"]
[Site "?"]
[Date "2021.12.18"]
[Round "2.6"]
[White "Sousa, Nuno"]
[Black "Antao, Jorge"]
[Result "1-0"]
[BlackElo "1828"]
[WhiteElo "1747"]
[LiveChessVersion "1.4.8"]

1. b3 {[%clk 1:30:53]} a5 {[%clk 1:30:05]} 2. Bb2 {[%clk 1:31:13]} d5
{[%clk 1:29:05]} 3. e3 {[%clk 1:31:26]} Nd7 {[%clk 1:27:59]} 4. c4
{[%clk 1:29:35]} Ngf6 {[%clk 1:26:11]} 5. Nf3 {[%clk 1:28:40]} e6
{[%clk 1:25:18]} 6. Be2 {[%clk 1:27:50]} Bd6 {[%clk 1:23:43]} 7. cxd5
{[%clk 1:27:03]} exd5 {[%clk 1:23:48]} 8. O-O {[%clk 1:27:09]} O-O
{[%clk 1:23:20]} 9. Qc2 {[%clk 1:21:05]} Re8 {[%clk 1:21:56]} 10. Nc3
{[%clk 1:19:56]} c6 {[%clk 1:20:22]} 11. Rac1 {[%clk 1:18:28]} Ne5
{[%clk 1:19:02]} 12. Na4 {[%clk 1:12:53]} Bg4 {[%clk 1:11:41]} 13. Bxe5
{[%clk 1:13:12]} Bxe5 {[%clk 1:04:17]} 14. h3 {[%clk 1:12:48]} Bh5
{[%clk 1:03:42]} 15. Nc5 {[%clk 1:09:22]} Qc8 {[%clk 0:56:55]} 16. d4
{[%clk 0:56:36]} Bd6 {[%clk 0:54:21]} 17. a3 {[%clk 0:50:54]} Ne4
{[%clk 0:50:31]} 18. b4 {[%clk 0:50:22]} axb4 {[%clk 0:49:02]} 19. axb4
{[%clk 0:50:40]} Ra3 {[%clk 0:43:30]} 20. Qb2 {[%clk 0:48:16]} Ra8
{[%clk 0:41:03]} 21. Nd3 {[%clk 0:37:47]} Qd8 {[%clk 0:39:10]} 22. Ra1
{[%clk 0:36:14]} Qe7 {[%clk 0:38:28]} 23. Rfc1 {[%clk 0:28:43]} Rec8
{[%clk 0:36:43]} 24. Ra5 {[%clk 0:24:41]} Rxa5 {[%clk 0:34:55]} 25. bxa5
{[%clk 0:25:06]} Ba3 {[%clk 0:33:10]} 26. Qb6 {[%clk 0:23:17]} Bxc1
{[%clk 0:33:03]} 27. Nxc1 {[%clk 0:23:28]} Qc7 {[%clk 0:32:37]} 28. g4
{[%clk 0:20:36]} Qxb6 {[%clk 0:31:59]} 29. axb6 {[%clk 0:21:01]} Bg6
{[%clk 0:32:07]} 30. Ne5 {[%clk 0:19:12]} Nc3 {[%clk 0:31:02]} 31. Nd7
{[%clk 0:19:12]} Na4 {[%clk 0:28:02]} 32. Ba6 {[%clk 0:15:50]} Nxb6
{[%clk 0:11:34]} 33. Nxb6 {[%clk 0:14:48]} Rc7 {[%clk 0:11:03]} 34. Bd3
{[%clk 0:15:00]} Kf8 {[%clk 0:11:06]} 35. Bxg6 {[%clk 0:14:19]} hxg6
{[%clk 0:11:24]} 36. Nd3 {[%clk 0:14:28]} f6 {[%clk 0:11:12]} 37. Nf4
{[%clk 0:12:55]} Kf7 {[%clk 0:10:21]} 38. h4 {[%clk 0:12:18]} g5 {[%clk 0:09:39]}
39. hxg5 {[%clk 0:12:43]} fxg5 {[%clk 0:09:48]} 40. Nd3 {[%clk 0:11:58]} Ke6
{[%clk 0:08:40]} 41. f4 {[%clk 0:08:58]} gxf4 {[%clk 0:04:56]} 42. exf4
{[%clk 0:08:59]} Rf7 {[%clk 0:04:16]} 43. Kg2 {[%clk 0:06:51]} Kd6
{[%clk 0:04:20]} 44. Kg3 {[%clk 0:06:52]} Rf8 {[%clk 0:04:06]} 45. f5
{[%clk 0:04:30]} Kc7 {[%clk 0:04:04]} 46. Na4 {[%clk 0:04:35]} Re8
{[%clk 0:03:51]} 47. Nac5 {[%clk 0:02:54]} b6 {[%clk 0:03:02]} 48. Ne6+
{[%clk 0:03:17]} Kd6 {[%clk 0:03:18]} 49. Kf4 {[%clk 0:02:43]} Rxe6
{[%clk 0:03:06]} 50. fxe6 {[%clk 0:03:06]} Kxe6 {[%clk 0:03:31]} 51. Kg5
{[%clk 0:02:50]} Ke7 {[%clk 0:03:44]} 52. Kg6 {[%clk 0:02:42]} Kf8
{[%clk 0:04:09]} 53. Ne5 {[%clk 0:02:27]} c5 {[%clk 0:02:59]} 54. dxc5
{[%clk 0:02:50]} bxc5 {[%clk 0:03:22]} 55. Nd7+ {[%clk 0:03:15]} Kg8
{[%clk 0:03:26]} 56. Nxc5 {[%clk 0:03:33]} d4 {[%clk 0:03:47]} 57. g5
{[%clk 0:02:52]} d3 {[%clk 0:04:09]} 58. Nxd3 {[%clk 0:03:17]} 1-0

[Event "TMH"]
[Site "?"]
[Date "2021.12.18"]
[Round "2.8"]
[White "Machiavelo, Antonio"]
[Black "Marinho, Antonio"]
[Result "1-0"]
[BlackElo "1626"]
[WhiteElo "1699"]
[LiveChessVersion "1.4.8"]

1. d4 {[%clk 1:20:28]} d5 {[%clk 1:30:56]} 2. Bf4 {[%clk 1:20:45]} Nf6
{[%clk 1:31:08]} 3. e3 {[%clk 1:21:01]} Bf5 {[%clk 1:31:18]} 4. Nf3
{[%clk 1:20:05]} Nbd7 {[%clk 1:31:32]} 5. Nbd2 {[%clk 1:18:53]} e6
{[%clk 1:31:57]} 6. h3 {[%clk 1:17:22]} c5 {[%clk 1:32:17]} 7. c3
{[%clk 1:17:41]} Be7 {[%clk 1:32:42]} 8. Nh4 {[%clk 1:17:51]} Bg6
{[%clk 1:32:30]} 9. Nxg6 {[%clk 1:18:08]} hxg6 {[%clk 1:32:52]} 10. Bd3
{[%clk 1:17:39]} Rc8 {[%clk 1:32:51]} 11. Nf3 {[%clk 1:13:06]} Qb6
{[%clk 1:33:11]} 12. Qe2 {[%clk 1:11:49]} Bd6 {[%clk 1:32:11]} 13. Bxd6
{[%clk 1:09:06]} Qxd6 {[%clk 1:32:34]} 14. O-O {[%clk 1:06:42]} e5
{[%clk 1:32:06]} 15. e4 {[%clk 1:03:22]} dxe4 {[%clk 1:31:56]} 16. Bxe4
{[%clk 1:03:36]} O-O {[%clk 1:27:57]} 17. Bxb7 {[%clk 0:56:51]} Rce8
{[%clk 1:27:13]} 18. dxe5 {[%clk 0:56:34]} Nxe5 {[%clk 1:27:34]} 19. Nxe5
{[%clk 0:55:24]} Rxe5 {[%clk 1:27:56]} 20. Qa6 {[%clk 0:55:36]} Qd2
{[%clk 1:26:50]} 21. Rab1 {[%clk 0:53:10]} g5 {[%clk 1:25:33]} 22. Bf3
{[%clk 0:48:15]} Qd7 {[%clk 1:24:09]} 23. Rbd1 {[%clk 0:48:06]} Qe7
{[%clk 1:24:21]} 24. c4 {[%clk 0:46:41]} Re8 {[%clk 1:18:25]} 25. Qd6
{[%clk 0:44:11]} Ne4 {[%clk 1:16:20]} 26. Qxe7 {[%clk 0:42:11]} R8xe7
{[%clk 1:16:42]} 27. Rd8+ {[%clk 0:41:13]} Kh7 {[%clk 1:17:04]} 28. Rfd1
{[%clk 0:41:26]} Nf6 {[%clk 1:16:27]} 29. a4 {[%clk 0:39:48]} R7e6
{[%clk 1:13:15]} 30. R8d6 {[%clk 0:39:16]} Re1+ {[%clk 1:11:47]} 31. Kh2
{[%clk 0:39:27]} Rxd6 {[%clk 1:11:20]} 32. Rxd6 {[%clk 0:38:33]} Rc1
{[%clk 1:11:30]} 33. Bd5 {[%clk 0:38:36]} Rb1 {[%clk 1:06:03]} 34. Rxf6
{[%clk 0:38:54]} Rxb2 {[%clk 1:06:17]} 35. Rxf7 {[%clk 0:38:49]} a6
{[%clk 1:06:25]} 36. Ra7 {[%clk 0:37:14]} Rb6 {[%clk 1:06:28]} 37. a5
{[%clk 0:37:30]} Rf6 {[%clk 1:06:42]} 38. Rc7 {[%clk 0:37:32]} Rxf2
{[%clk 1:06:57]} 39. Rxc5 {[%clk 0:37:52]} Ra2 {[%clk 1:06:55]} 40. Bb7
{[%clk 0:38:11]} g4 {[%clk 1:06:51]} 41. hxg4 {[%clk 0:38:26]} Kh6
{[%clk 1:06:44]} 42. Bxa6 {[%clk 0:38:12]} g6 {[%clk 1:06:59]} 43. Bc8
{[%clk 0:38:29]} Kg7 {[%clk 1:07:14]} 44. Rc7+ {[%clk 0:38:37]} Kh6
{[%clk 1:07:36]} 45. a6 {[%clk 0:39:00]} Kg5 {[%clk 1:07:50]} 46. a7
{[%clk 0:39:21]} Kh4 {[%clk 1:08:10]} 47. Be6 {[%clk 0:38:43]} Ra3
{[%clk 1:07:39]} 48. Bd5 {[%clk 0:38:14]} g5 {[%clk 1:07:35]} 49. Rh7+
{[%clk 0:38:25]} Kxg4 {[%clk 1:08:00]} 50. a8=Q {[%clk 0:38:47]} Rc3
{[%clk 1:07:00]} 51. Bf3+ {[%clk 0:38:52]} Kf4 {[%clk 1:07:19]} 52. Qe4#
{[%clk 0:39:06]} 1-0

[Event "TMH"]
[Site "?"]
[Date "2021.12.18"]
[Round "2.9"]
[White "Andrade, Ricardo"]
[Black "Valente, Sofia"]
[Result "1-0"]
[BlackElo "1262"]
[WhiteElo "1816"]
[LiveChessVersion "1.4.8"]

1. Nf3 {[%clk 1:31:22]} Nf6 {[%clk 1:30:27]} 2. c4 {[%clk 1:31:45]} e6
{[%clk 1:29:36]} 3. d4 {[%clk 1:32:07]} d5 {[%clk 1:29:36]} 4. cxd5
{[%clk 1:32:07]} exd5 {[%clk 1:29:46]} 5. Nc3 {[%clk 1:32:31]} c6
{[%clk 1:28:41]} 6. Qc2 {[%clk 1:32:42]} g6 {[%clk 1:27:20]} 7. Bg5
{[%clk 1:32:28]} Bg7 {[%clk 1:26:47]} 8. e3 {[%clk 1:29:35]} Bf5 {[%clk 1:25:53]}
9. Bd3 {[%clk 1:29:56]} Bxd3 {[%clk 1:24:59]} 10. Qxd3 {[%clk 1:29:42]} O-O
{[%clk 1:22:16]} 11. O-O {[%clk 1:29:34]} Re8 {[%clk 1:20:46]} 12. Bxf6
{[%clk 1:28:45]} Bxf6 {[%clk 1:20:48]} 13. b4 {[%clk 1:29:01]} Nd7
{[%clk 1:20:17]} 14. Rab1 {[%clk 1:27:14]} Nb6 {[%clk 1:18:57]} 15. b5
{[%clk 1:24:39]} Nc4 {[%clk 1:16:01]} 16. bxc6 {[%clk 1:24:56]} bxc6
{[%clk 1:16:05]} 17. Nd2 {[%clk 1:24:48]} Nd6 {[%clk 1:15:29]} 18. Rfc1
{[%clk 1:23:13]} Rc8 {[%clk 1:03:56]} 19. Qa6 {[%clk 1:20:35]} Rc7
{[%clk 1:00:08]} 20. Qa5 {[%clk 1:18:42]} Rd7 {[%clk 0:56:26]} 21. Qxd8
{[%clk 1:17:10]} Rdxd8 {[%clk 0:56:09]} 22. Na4 {[%clk 1:17:23]} Rc8
{[%clk 0:54:53]} 23. Rc2 {[%clk 1:17:33]} Nb5 {[%clk 0:50:20]} 24. Rbc1
{[%clk 1:15:49]} Re6 {[%clk 0:49:30]} 25. Nc5 {[%clk 1:16:02]} Re7
{[%clk 0:48:37]} 26. Ndb3 {[%clk 1:14:59]} Na3 {[%clk 0:45:02]} 27. Rc3
{[%clk 1:13:29]} Nc4 {[%clk 0:44:41]} 28. a4 {[%clk 1:13:04]} a5 {[%clk 0:44:10]}
29. Rxc4 {[%clk 1:01:22]} dxc4 {[%clk 0:43:33]} 30. Nxa5 {[%clk 1:01:48]} c3
{[%clk 0:39:40]} 31. g3 {[%clk 1:00:59]} Ra7 {[%clk 0:38:24]} 32. Nab3
{[%clk 1:00:56]} Rb8 {[%clk 0:36:56]} 33. Rxc3 {[%clk 1:00:54]} Bd8
{[%clk 0:36:07]} 34. Rc2 {[%clk 0:59:19]} Bb6 {[%clk 0:35:44]} 35. Kf1
{[%clk 0:58:50]} Bxc5 {[%clk 0:34:14]} 36. Nxc5 {[%clk 0:59:06]} Rb4
{[%clk 0:32:53]} 37. Ke2 {[%clk 0:59:20]} Ra8 {[%clk 0:32:10]} 38. Kd3
{[%clk 0:59:00]} Kf8 {[%clk 0:30:40]} 39. Ra2 {[%clk 0:56:54]} Ke7
{[%clk 0:27:31]} 40. Kc3 {[%clk 0:55:07]} Rb6 {[%clk 0:26:39]} 41. a5
{[%clk 0:53:39]} Rb5 {[%clk 0:26:47]} 42. a6 {[%clk 0:53:02]} Ra7
{[%clk 0:26:30]} 43. e4 {[%clk 0:50:19]} Kd8 {[%clk 0:25:24]} 44. f4
{[%clk 0:49:02]} Kc7 {[%clk 0:23:52]} 45. f5 {[%clk 0:47:58]} f6 {[%clk 0:22:10]}
46. fxg6 {[%clk 0:47:16]} hxg6 {[%clk 0:22:24]} 47. Rf2 {[%clk 0:47:25]} Kb6
{[%clk 0:20:54]} 48. Rxf6 {[%clk 0:47:41]} Rg7 {[%clk 0:20:09]} 49. e5
{[%clk 0:47:49]} Rb1 {[%clk 0:19:16]} 50. e6 {[%clk 0:47:44]} Rg1
{[%clk 0:14:58]} 51. Rf7 {[%clk 0:46:51]} Rg8 {[%clk 0:14:22]} 52. e7
{[%clk 0:43:40]} Re8 {[%clk 0:13:50]} 53. Nd7+ {[%clk 0:39:14]} Kxa6
{[%clk 0:13:27]} 54. Nf6 {[%clk 0:39:39]} Rf1 {[%clk 0:12:32]} 55. Nxe8
{[%clk 0:39:37]} Rxf7 {[%clk 0:12:24]} 56. Nc7+ {[%clk 0:40:04]} 1-0